Was ist der Mensch?
Αποθηκεύτηκε σε:
| Κύριος συγγραφέας: | |
|---|---|
| Μορφή: | Βιβλίο |
| Γλώσσα: | German |
| Δημοσίευση: |
[West-Berlin] :
Ullstein,
[c1959]
|
| Σειρά: | Ullstein Buch ;
232 |
| Θέματα: | |
| Ετικέτες: |
Προσθήκη ετικέτας
Δεν υπάρχουν, Καταχωρήστε ετικέτα πρώτοι!
|
MARC
| LEADER | 00000cam a2200000 i 4500 | ||
|---|---|---|---|
| 001 | 1/38466 | ||
| 008 | 061130s1959 gw | ||| |||| ||ger|| | ||
| 035 | |l 10086351 | ||
| 040 | |a GR-MyUa |b gre |e AACR2 | ||
| 041 | 0 | |a ger | |
| 082 | 7 | |a 200.943 |2 (22) | |
| 100 | 1 | |a Haecker, Theodor, |d 1879-1945. | |
| 245 | 1 | 0 | |a Was ist der Mensch? / |c Theodor Haecker. |
| 260 | |a [West-Berlin] : |b Ullstein, |c [c1959] | ||
| 300 | |a 172 σ. ; |c 18 εκ. | ||
| 490 | 1 | |a (Ullstein Buch ; |v 232) | |
| 500 | |a Με: Der Glaube des Urmenschen / Georg Siegmund. - Die Verwandlungen des Menschen / Lewis Mumford. - Der Unsterbliche Mensch: ein religionsgesprach / Alfred Doblin | ||
| 610 | 2 | 0 | |a Catholic Church |x Apologetics works. |
| 650 | 0 | |a Theological anthropology |x Christianity. | |
| 650 | 0 | |a History |x Religious aspects |x Christianity |x History of doctrines |y 19th century. | |
| 650 | 0 | |a Religion |x Philosophy. | |
| 830 | 0 | |a Ullstein Buch ; |v 232 | |
| 852 | |a INST |b RHODES |c KRI |e 20061130 |h 200.943 SIE |p 005400023690 |q 005400023690 |t BK |y 0 | ||
| 901 | |a BIBL4-2006-3 | ||
| 970 | |a Κόζα |b Μαρία |z 30/11/2006 | ||